Taiwan /

Gardado en:
Detalles Bibliográficos
Autor Principal: Wood, Christopher, 1935-
Formato: Libro
Idioma:English
Publicado: London : Michael Joseph, 1981.
LEADER 00880cam a2200253 a 4500
001 c000276051
003 CARM
005 20071112100614.0
008 820105s1981 enk 000 1 eng d
015 |a B8138086 
019 1 |a 2204097  |5 LACONCORD2021 
020 |a 0718120515 :  |c £6.95 
035 |a (OCoLC)8373311  |5 LACONCORD2021 
040 |a BNB  |b eng  |c BNB  |d SSL  |d VCAV 
082 0 4 |a 823.914  |2 22 
082 0 4 |a 823.91  |2 18 
100 1 |a Wood, Christopher,  |d 1935- 
245 1 0 |a Taiwan /  |c Christopher Wood. 
260 |a London :  |b Michael Joseph,  |c 1981. 
300 |a 251 p. ;  |c 23 cm. 
500 |a Fiction in English,. 1945- - Texts (BNB/PRECIS) 
852 8 |b CARM  |h A1:AM12G0  |i B09394  |p 0395567  |f BK 
999 f f |i 956f3410-7a55-5005-9b73-1ee27e706596  |s b3497dd3-6ff7-5dc5-aa28-03313cc5e9fa 
952 f f |p Can circulate  |a CAVAL  |b CAVAL  |c CAVAL  |d CARM 1 Store  |e B09394  |f A1:AM12G0  |h Other scheme  |i book  |m 0395567